Harry Potter-kysymyksiä - Statistics

Yleistilastot
  • Tätä visaa on pelattu 525 kertaa
    524 viimeisimmän päivityksen jälkeen
  • Keskiarvotulos 18 / 21
Vastaustilastot
Kysymys Vastaus % Oikein
Tupa (tunnus leijona) Rohkelikko
100%
Tupa (tunnus käärme) Luihuinen
97%
Kuka teki Harryn otsaan salamanmuotoisen arven? Voldemort
95%
Tupa (tunnus mäyrä) Puuskupuh
94%
Ketä oppilasta Harry vihaa eniten Tylypahkassa? Draco Malfoy
93%
Tupa (tunnus kotka) Korpinkynsi
93%
Kuka Harry Potter hahmo karkaa azkabanista elokuvassa ja kirjassa Harry Potter ja Azkabanin vanki? Sirius Musta
91%
Kuka on Tylypahkan rehtori? Albus Dumbledore
90%
Mikä on perheen sukunimi jota kotitonttu Dobby palvelee alussa? Malfoy
90%
1. elokuva Viisasten kivi
89%
Kenen kanssa Harry Potter menee naimisiin? Ginny Weasley
86%
3. elokuva Azkabanin vanki
85%
6. elokuva Puoliverinen prinssi
85%
Kuka Harry Potter hahmoista on puolijättiläinen? Rubeus Hagrid
85%
2. elokuva Salaisuuksien kammio
85%
Kuka Tylypahkan opettajista on myös ihmissusi? Remus Lupin
84%
5. elokuva Feeniksin kilta
82%
4. elokuva Liekehtivä pikari
82%
7. elokuva Kuoleman varjelukset, osa 1
80%
8. elokuva Kuoleman varjelukset, osa 2
80%
Mikä Voldemort on? pimeyden velho
57%
Ehtoja vastaavia visoja ei löytynyt
Tulosjakauma
Jokaisen tuloksen saaneiden osuus
Persentiili vastausten määrän mukaan
Tuloshistoriasi
Et ole pelannut tätä visaa sen viimeisimmän päivityksen jälkeen